[Event "FICGS class E 000065 email"]
[Site "FICGS email"]
[Date "2007.10.28"]
[Round "1"]
[White "Ancker, Robert"]
[Black "Antonov, Andrei"]
[Result "0-1"]
[WhiteElo "1400"]
[BlackElo "1550"]
[PlyCount "60"]
[EventDate "2007.??.??"]
[EventType "tourn (corr)"]
[EventRounds "5"]
[SourceTitle "Corr 2022"]
[Source "ChessBase"]
[SourceDate "2021.10.24"]
[SourceVersion "1"]
[SourceVersionDate "2021.10.24"]
[SourceQuality "1"]

1. e4 e5 2. Bc4 Nf6 3. Bxf7+ Kxf7 4. Qe2 g6 5. Nf3 d6 6. Ng5+ Ke8 7. 0-0 h6 8. d3 hxg5 9. Bxg5 Be7 10. Nd2 b6 11. Nf3 Bg4 12. Bxf6 Bxf6 13. Rae1 Bxf3 14. Qxf3 Nd7 15. Qg4 g5 16. c3 c5 17. h4 gxh4 18. Qg6+ Ke7 19. f4 h3 20. fxe5 dxe5 21. gxh3 a5 22. Rxf6 Nxf6 23. Qg7+ Ke6 24. Rf1 Rg8 25. Rxf6+ Qxf6 26. Qg4+ Rxg4+ 27. hxg4 Rh8 28. d4 Rg8 29. dxe5 Rxg4+ 30. Kh2 Qh6# 0-1

[Event "FICGS class D 000065 email"]
[Site "FICGS email"]
[Date "2007.10.28"]
[Round "1"]
[White "Antonov, Andrei"]
[Black "Behrmann, Klaus"]
[Result "0-1"]
[WhiteElo "1550"]
[BlackElo "1671"]
[PlyCount "36"]
[EventDate "2007.??.??"]
[EventType "tourn (corr)"]
[EventRounds "6"]
[SourceTitle "Corr 2022"]
[Source "ChessBase"]
[SourceDate "2021.10.24"]
[SourceVersion "1"]
[SourceVersionDate "2021.10.24"]
[SourceQuality "1"]

1. e4 c6 2. Qf3 d5 3. exd5 cxd5 4. a4 Nf6 5. Nc3 Nc6 6. d4 Nxd4 7. Qd3 e5 8. f3 Bf5 9. Ne4 dxe4 10. fxe4 Bxe4 11. Qc4 Rc8 12. Qxc8 Qxc8 13. Bb5+ Nxb5 14. axb5 Qxc2 15. Ne2 Bb4+ 16. Kf1 Bd3 17. Rxa7 Qxe2+ 18. Kg1 Qf1# 0-1

[Event "FICGS class D 000065 email"]
[Site "FICGS email"]
[Date "2007.10.28"]
[Round "1"]
[White "Antonov, Andrei"]
[Black "Bragato, Bruno"]
[Result "1-0"]
[WhiteElo "1550"]
[BlackElo "1500"]
[PlyCount "35"]
[EventDate "2007.??.??"]
[EventType "tourn (corr)"]
[EventRounds "6"]
[SourceTitle "Corr 2022"]
[Source "ChessBase"]
[SourceDate "2021.10.24"]
[SourceVersion "1"]
[SourceVersionDate "2021.10.24"]
[SourceQuality "1"]

1. e4 e6 2. Nc3 d5 3. exd5 exd5 4. Qe2+ Be7 5. d4 Nf6 6. f3 Nc6 7. Be3 0-0 8. 0-0-0 a5 9. a3 Be6 10. g4 Qd7 11. Bg2 Bd6 12. h3 Qe7 13. g5 Nh5 14. Bf2 Qxg5+ 15. Be3 Bf4 16. Rd3 Bxe3+ 17. Qxe3 Qxg2 18. Nb5 1-0

[Event "FICGS class E 000065 email"]
[Site "FICGS email"]
[Date "2007.10.28"]
[Round "1"]
[White "Antonov, Andrei"]
[Black "Tiberiu, Maran"]
[Result "0-1"]
[WhiteElo "1550"]
[BlackElo "1400"]
[PlyCount "62"]
[EventDate "2007.??.??"]
[EventType "tourn (corr)"]
[EventRounds "5"]
[SourceTitle "Corr 2022"]
[Source "ChessBase"]
[SourceDate "2021.10.24"]
[SourceVersion "1"]
[SourceVersionDate "2021.10.24"]
[SourceQuality "1"]

1. e4 e5 2. Nf3 d6 3. d4 Bg4 4. dxe5 Bxf3 5. gxf3 Nc6 6. exd6 Bxd6 7. c3 Nf6 8. Bb5 a6 9. Bxc6+ bxc6 10. Bg5 h6 11. Bxf6 Qxf6 12. h4 0-0 13. Nd2 Rad8 14. a4 Bf4 15. Qe2 Bxd2+ 16. Kf1 Bf4 17. Qxa6 Qd6 18. Qe2 Qd2 19. Qxd2 Rxd2 20. b4 Rfd8 21. Kg2 Rb2 22. a5 Be3 23. Rhf1 c5 24. bxc5 Rdd2 25. c6 Bxf2 26. a6 h5 27. a7 Bxa7+ 28. Kg3 Be3 29. Ra8+ Kh7 30. Rc8 Rg2+ 31. Kh3 Rh2+ 0-1

[Event "FICGS rapid B 000073 email"]
[Site "FICGS email"]
[Date "2007.10.27"]
[Round "1"]
[White "Antonov, Andrei"]
[Black "Chapaev, Dmitry"]
[Result "0-1"]
[WhiteElo "1550"]
[BlackElo "1652"]
[PlyCount "54"]
[EventDate "2007.??.??"]
[EventType "tourn (rapid)"]
[EventRounds "6"]
[SourceTitle "Corr 2022"]
[Source "ChessBase"]
[SourceDate "2021.10.24"]
[SourceVersion "1"]
[SourceVersionDate "2021.10.24"]
[SourceQuality "1"]

1. e4 c5 2. Bc4 e6 3. a4 Nc6 4. c3 d5 5. exd5 exd5 6. Bb5 Nf6 7. f3 Be7 8. Bxc6+ bxc6 9. d3 0-0 10. c4 Re8 11. Ne2 Bd6 12. b3 Ng4 13. fxg4 Qh4+ 14. Kf1 Qf6+ 15. Ke1 Qxa1 16. Qc2 Bxg4 17. g3 Rxe2+ 18. Qxe2 Bxe2 19. Kxe2 Qxb1 20. Rd1 Qc2+ 21. Ke1 Re8+ 22. Kf1 Qxd1+ 23. Kg2 Qxc1 24. h4 Qd2+ 25. Kh3 h5 26. cxd5 Re2 27. dxc6 Rh2# 0-1

[Event "FICGS class C 000048 email"]
[Site "FICGS email"]
[Date "2007.06.26"]
[Round "1"]
[White "Castillo, German"]
[Black "Antonov, Andrei"]
[Result "1-0"]
[WhiteElo "1700"]
[BlackElo "1600"]
[PlyCount "33"]
[EventDate "2007.??.??"]
[EventType "tourn (corr)"]
[EventRounds "4"]
[SourceTitle "Corr 2022"]
[Source "ChessBase"]
[SourceDate "2021.10.24"]
[SourceVersion "1"]
[SourceVersionDate "2021.10.24"]
[SourceQuality "1"]

1. d4 d5 2. e4 dxe4 3. Nc3 f5 4. Bg5 h6 5. Qh5+ Kd7 6. Bc4 c6 7. d5 a6 8. 0-0-0 Qc7 9. dxc6+ Kxc6 10. Bd5+ Kb6 11. Be3+ Ka5 12. b4+ Kxb4 13. Rd4+ Kc5 14. Na4+ Kb5 15. Qe2+ Ka5 16. Bd2+ Qc3 17. Bxc3# 1-0

[Event "FICGS class C 000048 email"]
[Site "FICGS email"]
[Date "2007.06.26"]
[Round "1"]
[White "Khayman, Daniel"]
[Black "Antonov, Andrei"]
[Result "0-1"]
[WhiteElo "1644"]
[BlackElo "1600"]
[PlyCount "22"]
[EventDate "2007.??.??"]
[EventType "tourn (corr)"]
[EventRounds "4"]
[SourceTitle "Corr 2022"]
[Source "ChessBase"]
[SourceDate "2021.10.24"]
[SourceVersion "1"]
[SourceVersionDate "2021.10.24"]
[SourceQuality "1"]

1. b4 e6 2. Bb2 f6 3. a3 a5 4. b5 c5 5. e4 b6 6. Nf3 Bb7 7. d3 e5 8. Be2 d6 9. c4 h6 10. 0-0 g5 11. Nfd2 Bg7 0-1